书目信息 |
| 题名: |
花生根瘤菌的多样性及应用
|
|
| 作者: | 张小平 主编 | |
| 分册: | ||
| 出版信息: | 北京 科学出版社 2009 |
|
| 页数: | 271页 | |
| 开本: | 26cm | |
| 丛书名: | 农业科学技术理论研究丛书 | |
| 单 册: | ||
| 中图分类: | S565.206 | |
| 科图分类: | ||
| 主题词: | 花生--根瘤菌--生物多样性 , 花生 , 根瘤菌 , 生物多样性 | |
| 电子资源: | ||
| ISBN: | 978-7-03-023366-0 | |
| 000 | 00949oam2 2200277 45 | |
| 005 | 20100303150934.43 | |
| 010 | @a978-7-03-023366-0@dCNY60.00 | |
| 100 | @a20090526d2009 ekmy0chiy0120 ea | |
| 101 | 0 | @achi |
| 102 | @aCN@b110000 | |
| 105 | @aa z 000yy | |
| 106 | @ar | |
| 200 | 1 | @a花生根瘤菌的多样性及应用@AHua Sheng Gen Liu Jun De Duo Yang Xing Ji Ying Yong@f张小平主编@FZhang Xiao Ping Zhu Bian |
| 210 | @a北京@c科学出版社@d2009 | |
| 215 | @a271页@c图@d26cm | |
| 225 | 2 | @a农业科学技术理论研究丛书 |
| 330 | @a本书介绍了花生根瘤菌的多样性、系统发育、分类、高效菌株选育及应用方面的最新研究成果,重点突出了现代根瘤菌的多相分类技术体系。 | |
| 461 | 0 | @12001 @a农业科学技术理论研究丛书 |
| 606 | 0 | @a花生@x根瘤菌@x生物多样性 |
| 606 | 0 | @a花生 |
| 606 | 0 | @a根瘤菌 |
| 606 | 0 | @a生物多样性 |
| 690 | @aS565.206@v4 | |
| 701 | 0 | @a张小平@AZhang Xiao Ping@4主编 |
| 801 | 0 | @aCN@bTANGWEI@c20100303 |
| 905 | @b0583843-47@dS565.206@e39@f5 | |
| 花生根瘤菌的多样性及应用/张小平主编.-北京:科学出版社,2009 |
| 271页:图;26cm.-(农业科学技术理论研究丛书) |
| ISBN 978-7-03-023366-0:CNY60.00 |
| 本书介绍了花生根瘤菌的多样性、系统发育、分类、高效菌株选育及应用方面的最新研究成果,重点突出了现代根瘤菌的多相分类技术体系。 |
| ● |
| 相关链接 |
|
|
|
|
正题名:花生根瘤菌的多样性及应用
索取号:S565.206/39
 
预约/预借
| 序号 | 登录号 | 条形码 | 馆藏地/架位号 | 状态 | 备注 |
| 1 | 0583843 | 205838432 | 第二样本阅览室/ [索取号:S565.206/39] | 在馆 | |
| 2 | 0583844 | 205838441 | 密集书库-生命科学系/ [索取号:S565.206/39] | 在馆 | |
| 3 | 0583845 | 205838450 | 第三借阅区/ [索取号:S565.206/39] | 在馆 | |
| 4 | 0583846 | 205838469 | 第三借阅区/ [索取号:S565.206/39] | 在馆 | |
| 5 | 0583847 | 205838478 | 第三借阅区/ [索取号:S565.206/39] | 在馆 |